| 000 | 01202cam a22003974a 4500 | ||
|---|---|---|---|
| 001 | 83205 | ||
| 005 | 20230410130926.0 | ||
| 008 | 090316s2008 ck 000 1 spa | ||
| 010 | _a 2009433520 | ||
| 035 | _a(OCoLC)ocn438076381 | ||
| 040 |
_aDLC _cDLC _dOUN |
||
| 020 | _a9789584511898 | ||
| 020 | _a9584511890 | ||
| 035 | _a(OCoLC)438076381 | ||
| 043 | _as-cl--- | ||
| 050 | 1 | 4 |
_aPQ 8098.1 _bA527c 2008 |
| 082 | 0 | 0 | _a863.64 |
| 049 | _aGRAL | ||
| 100 | 1 |
_aAmpuero, Roberto, _d1953- |
|
| 245 | 1 | 3 |
_aEl caso Neruda / _cRoberto Ampuero. |
| 250 | _a1. ed. | ||
| 260 |
_aBogotá : _bEditorial Norma, _cc2008. |
||
| 300 |
_a330 p. ; _c23 cm. |
||
| 490 | 1 | _aLa otra orilla. | |
| 650 | 4 | _aPrimera Jornada de Catalogacion. | |
| 600 | 1 | 4 |
_aNeruda, Pablo, _d1904-1973 _vNovela. |
| 600 | 1 | 4 |
_aAllende Gossens, Salvador, _d1908-1973 _vNovela. |
| 651 | 4 |
_aChile _xPolítica y gobierno _y1970-1973 _vNovela. |
|
| 600 | 1 | 0 |
_aNeruda, Pablo, _d1904-1973 _vFiction. |
| 600 | 1 | 0 |
_aAllende Gossens, Salvador, _d1908-1973 _vFiction. |
| 651 | 0 |
_aChile _xPolitics and government _y1970-1973 _vFiction. |
|
| 830 | 0 | _aColección La otra orilla. | |
| 942 |
_2lcc _cbk |
||
| 946 | _aRCH | ||
| 994 |
_aC0 _bDRFGD |
||
| 999 |
_c82875 _d82875 |
||